000 00253nam a2200121Ia 4500
100 _aWattam/ S.I.
942 _cBK
654 _aSoftware
245 _aSoftware Enginering
260 _bGalgotia Pub
_aNew Delhi
_c1993
546 _aENGLISH
999 _c24972
_d24972